Track & Field Events by World Record - Statistics

General Stats
  • This quiz has been taken 299 times
    298 since last reset
  • The average score is 14 of 20
Answer Stats
Athlete Performance Sex Event % Correct
Usain Bolt 9.58 M 100m
100%
Wayde van Niekerk 43.03 M 400m
84%
Jan Železný 98.48 m M Javelin
84%
Armand Duplantis 6.18 m M Pole Vault
81%
Joshua Cheptegei 26:11.00 M 10000m
79%
Genzebe Dibaba 3:50.07 F 1500m
78%
Jarmila Kratochvílová 1:53.28 F 800m
77%
Hicham El Guerrouj 3:26.00 M 1500m
76%
Javier Sotomayor 2.45 m M High Jump
75%
Dalilah Muhammad 52.16 F 400mH
73%
Inessa Kravets 15.50 m F Triple Jump
72%
Letesenbet Gidey 14:06.62 F 5000m
71%
Anita Włodarczyk 82.98 m F Hammer Throw
69%
Christian Coleman 6.34* M 60m
66%
Jackie Joyner-Kersee 7291 pts F Heptathlon
66%
Saif Saaeed Shaheen 7:53.63 M 3000mSC
65%
Gabriele Reinsch 76.80 m F Discus
63%
Hicham El Guerrouj 3:43.13 M Mile
59%
Nataliya Dobrynska 5013 pts* F Pentathlon
45%
Yohan Diniz 3:35:27.20 M 50km Walk
43%
No matching quizzes found
Score Distribution
Percent of People with Each Score
Percentile by Number Answered
Your Score History
You have not taken this quiz since the last reset